000 01088nam a22002897i 4500
999 _c23374
_d23374
003 AR-CdUCM
008 250829b20192019 pe||||| |||| 00| 0 spa d
020 _a978-612-48028-0-5
040 _aMUNICIPALIDAD PROVINCIAL DEL CUSCO
_cBIBLIOTECA MUNICIPAL DEL CUSCO
041 _hspa
082 _a985.61004 / V
_bV
100 _aCrucinta Ugarte, Eleazar (compilador)
_951428
245 _a23 Ensayos Históricos /
260 _aCusco :
_bInaudi Editores
_c2019
300 _a373 páginas. :
_c21x14 cm.
505 _aLa inmigración Japonesa en Cusco -- El problema del indio -- Los tocapus incas -- los arcángeles arcabuceros -- El huayno cusqueño -- Terrorismo en la Universidad UNSAAC -- Pedro Vilcapaza
650 _aTocapus
_951429
650 _aHuayno
_951430
650 _aTerrorismo
_91688
650 _aLa reforma agraria
_935390
700 _aAchahui Diaz, Karol
_951431
700 _aAragón Bermúdez, Ena Evelyn --
_951432
700 _aLozano Huarayo, Rosmery
_951433
700 _aQuisoe Quispe, Kevil
_951434
942 _2ddc
_cLIBROS
945 _apbjr
_d29-08-2025